| 000 | 00707nam a22001817a 4500 | ||
|---|---|---|---|
| 999 |
_c17460 _d17460 |
||
| 003 | AR-CdUCM | ||
| 008 | 190508b ||||| |||| 00| 0 spa d | ||
| 040 |
_aMUNICIPALIDAD PROVINCIAL DEL CUSCO _cBIBLIOTECA MUNICIPAL DEL CUSCO |
||
| 082 |
_a818.5 / _bF81 |
||
| 100 |
_aFrank, Waldo. _920425 |
||
| 245 |
_aUstedes y nosotros : _bNuevo mensaje a Ibero - América / |
||
| 260 |
_aBuenos Aires : _bLosada, _c1942. |
||
| 300 |
_a214 páginas ; _c21 cm. |
||
| 505 | _aContenido : La guerra que esta debajo de la guerra -- Ustedes y nosotros -- Los dos caminos -- Los elementos del nuevo mundo -- Llegada a Buenos Aires ... | ||
| 650 |
_aAmérica Latina. _91130 |
||
| 942 |
_2ddc _cLIBROS |
||
| 945 |
_arum _d2019-05-08 |
||